000 03108nam a22002897a 4500
003 OSt
005 20251027145845.0
008 251027b |||||||| |||| 00| 0 eng d
020 _a9789587103946
037 _bDonación
040 _aCO-JMCR
_bspa
_erda
_cCO-JMCR
_dCO-JMCR
041 0 _aspa
082 0 4 _a346.045
_bS23d
245 0 0 _aDerecho urbanístico :
_blegislación y jurisprudencia /
_cJaime Orlando Santofimio Gamboa, director ; Judy Alexandra Landeta Pinilla, Gloria Stella Palacino Hernández, Jorge Iván Rincón Córdoba, investigadores.
250 _aSegunda edición.
264 1 _aBogotá :
_b©Universidad Externado de Colombia,
_c©2009
300 _a643 páginas :
_c24 cm.
505 1 _aDe la planificación del desarrollo municipal -- Del espacio público -- De la adquisición de bienes por enajenación voluntaria y por expropiación -- De la protección a los moradores en los proyectores de renovación urbana -- De la legalización de títulos para la vivienda de interés social -- De las licencias y de las sanciones urbanística -- De los bancos de tierras y de la integración y reajuste de tierras -- De la extinción del dominio sobre inmuebles urbanos -- Instrumentos financieros para la reforma urbana -- Disposiciones varias -- Objetivos y principios generales -- Ordenamiento del territorio municipal -- Planes de ordenamiento territorial -- Clasificación del suelo -- actuación urbanística -- Desarrollo y construcción prioritaria -- Adquisición de inmuebles por enajenación voluntaria y expropiación judicial -- Expropiación por vía administrativa -- Participación en la plusvalía -- Vivienda de interés social -- Licencias y sanciones urbanísticas -- Participación de la nación en el desarrollo urbano -- Disposiciones generales -- Disposiciones transitorias.
520 3 _aEl derecho urbanístico está ligado directamente con los aspectos sociales y comunitarios, por tanto es un imperativo la preservación de todos y cada uno de los derechos e intereses difusos de la sociedad que le garantizan a ésta la convivencia equilibrada y ponderada, no obstante la complejidad de los elementos y fenómenos de la sociedad. Como queda visto, es un área del derecho bastante apasionante, porque está unida en todo momento y en todos los aspectos con la convivienda en cualquier territorio, es la relación hombre-territorio. Desde la perspectiva del Estado democrático es connatural al derecho urbanístico la intervención material de la comunidad en los procesos públicos y administrativos del diseño de las normas urbanísticas de planeación y en los trámites de licencias y premios.
650 7 _aPlanificación regional
_xLey y legislación
_zColombia.
_944397
650 7 _aDerecho de planificación urbana y reurbanización
_zColombia.
_944398
700 1 _aSantofimio Gamboa, Jaime Orlando,
_eeditor.
_9508
700 1 _aLandeta Pinilla, Judy Alexandra,
_einvestigadora.
_944399
700 1 _aPalacino Hernández, Gloria Stella,
_einvestigadora.
_944400
700 1 _aRincón Córdoba, Jorge Iván,
_einvestigador.
_94141
942 _2ddc
_cBK
999 _c31101
_d17485